000 00706nam a22002057a 4500
003 OSt
005 20260617160437.0
008 260617b |||||||| |||| 00| 0 eng d
020 _a0803966547
040 _cChuka University Library
050 _aLB 3032
_b.H6 1998
100 _aHottenstein David
_929897
245 _aIntensive Scheduling: Restructuring Americas Secondary Schools Through Time Management
260 _aThousand Oaks
_bCorwin Press
_c1998
300 _axii, 107P
_bColored Illustrations
650 _aSchedules, School-United States
_929898
650 _aEducation, Secondary-United States-Administration
_929899
650 _aTime management-United States
_929900
942 _2lcc
_cBK
_n0
999 _c24643
_d24643